000 02225nam0a2200385 4500
001 RU\NLR\bibl\1511354
005 20260408121704.0
010 _a978-5-379-01124-6
_92000
021 _aRU
_b2010-24924
_91674
035 _a(nilc)RSL-KNO-004626616
035 _a(NLR Aleph) 001502751
090 _a1798943
_c1798943
100 _a20100407d2010 |||y0rusy50 ca
101 0 _arus
102 _aRU
105 _ay zzzz|||||
200 1 _aКодекс торгового мореплавания Российской Федерации
210 _aНовосибирск
_cСибирское университетское изд-во
_d2010
215 _a125, [2] с.
_d21
225 1 _aКодексы. Законы. Нормы
_vвып. 18(176), 2010
604 _171001$aРоссийская Федерация
_150011$aКодекс торгового мореплавания$2nlr_sh2$3RU\NLR\AUTH\661277542
_aРоссийская Федерация
_tКодекс торгового мореплавания
_92114495
_3RU\NLR\AUTH\661277542
610 0 _aГосударство и право. Юридические науки -- Гражданское право -- Российская Федерация -- Обязательственное право -- Транспортные договоры -- Морская перевозка -- Кодекс
610 0 _aГосударство и право. Юридические науки -- Международное публичное право -- Вопросы территории в международном праве -- Водная территория -- Открытое и закрытое моря -- Кодекс
610 0 _aторговое мореплавание
686 _aХ623.211.94-324
_2rubbk
686 _aХ912.523-324
_2rubbk
686 _aХ623.211.94-324.9(2Р)
740 1 _aРоссийская Федерация
_tЗаконы
_iКодекс торгового мореплавания
_3RU\NLR\AUTH\880401180
_9469252
801 0 _aRU
_bРГБ
_c20100407
_grcr
801 1 _aRU
_bРГБ
_c20100407
801 2 _aRU
_bNLR
_c20100517
_grcr
942 _cBOOK
980 _aNB